Породы-коллекторы нефтегазоносных районов Западной Сибири

Մատենագիտական մանրամասներ
Համատեղ հեղինակ: Сибирский научно-исследовательский институт геологии, геофизики и минерального сырья (570)
Այլ հեղինակներ: Гурова Т. И., Сорокина Е. Г., Алехина Л. П., Антонова Т. Ф., Кондрина К. С.
Ամփոփում:Книга посвящена описанию условий формирования и закономерностей размещения пород-коллекторов нефти и газа юрских и неокомских отложений нефтегазоносных районов Западно-Сибирской низменности. Описаны литологические типы пород-коллекторов основных нефтегазоносных районов Западной Сибири. Представлена детальная литологическая характеристика продуктивных горизонтов Березовского газоносного района и Шаимского, Сургутского, Нижневартовского нефтеносных и Средне-Васюганского, Нововасюганского, Усть-Сильгинского нефтегазоносных районов. На основании текстурных и структурных особенностей пород, характера органогенных и минеральных включений, типов кумулятивных кривых обломочного материала, генетических диаграмм, а также общих геологических построений определены условия осадконакопления основных продуктивных горизонтов. Выявлены процессы вторичного преобразования пород. Установлены закономерности в размещении пород-коллекторов. Рассмотрены свойства пород возможных покрышек нефтяных и газовых залежей.
Լեզու:ռուսերեն
Հրապարակվել է: Москва, Недра, 1971
Շարք:Серия нефтяная геология
Труды Сибирского научно-исследовательского института геологии, геофизики и минерального сырья (СНИИГГиМС) Вып. 40
Խորագրեր:
Ձևաչափ: Գիրք
KOHA link:https://koha.lib.tpu.ru/cgi-bin/koha/opac-detail.pl?biblionumber=286335

MARC

LEADER 00000nam0a2200000 4500
001 286335
005 20250213120257.0
035 |a (RuTPU)RU\TPU\book\310643 
090 |a 286335 
100 |a 20150304d1971 k||y0rusy50 ca 
101 0 |a rus 
102 |a RU 
105 |a a z 001yy 
181 0 |a i   |b  e  
182 0 |a n 
183 0 |a nc  |2 RDAcarrier 
200 1 |a Породы-коллекторы нефтегазоносных районов Западной Сибири  |f Т. И. Гурова, Е. Г. Сорокина, Л. П. Алехина [и др.]  |g Сибирский научно-исследовательский институт геологии, геофизики и минерального сырья 
203 |a Текст  |b визуальный  |c непосредственный 
210 |a Москва  |c Недра  |d 1971 
215 |a 252 с.  |c ил. 
225 1 |a Серия нефтяная геология 
225 1 |a Труды Сибирского научно-исследовательского института геологии, геофизики и минерального сырья (СНИИГГиМС)  |v Вып. 40 
283 |a volume  |2 RDAcarrier 
317 |5 63413507: КР-8040  |a Поступил в НТБ в 2024 г. в дар от дочери ученого О. А. Назаровой  
320 |a Библиография: с. 225-228. 
330 |a Книга посвящена описанию условий формирования и закономерностей размещения пород-коллекторов нефти и газа юрских и неокомских отложений нефтегазоносных районов Западно-Сибирской низменности. Описаны литологические типы пород-коллекторов основных нефтегазоносных районов Западной Сибири. Представлена детальная литологическая характеристика продуктивных горизонтов Березовского газоносного района и Шаимского, Сургутского, Нижневартовского нефтеносных и Средне-Васюганского, Нововасюганского, Усть-Сильгинского нефтегазоносных районов. На основании текстурных и структурных особенностей пород, характера органогенных и минеральных включений, типов кумулятивных кривых обломочного материала, генетических диаграмм, а также общих геологических построений определены условия осадконакопления основных продуктивных горизонтов. Выявлены процессы вторичного преобразования пород. Установлены закономерности в размещении пород-коллекторов. Рассмотрены свойства пород возможных покрышек нефтяных и газовых залежей. 
606 1 |a Нефтяные месторождения  |x Геология  |2 stltpush  |3 (RuTPU)RU\TPU\subj\45952  |9 65141 
610 1 |a Западная Сибирь 
610 1 |a породы-коллекторы 
610 1 |a свойства 
610 1 |a состав 
610 1 |a строение 
610 1 |a классификация 
610 1 |a формирование 
610 1 |a размещение 
610 1 |a глинистые породы 
610 1 |a Коллекция А. Д. Назарова 
610 1 |a дары библиотеке 
675 |a 553.982  |v 3 
701 1 |a Гурова  |b Т. И. 
701 1 |a Сорокина  |b Е. Г. 
701 1 |a Алехина  |b Л. П. 
701 1 |a Антонова  |b Т. Ф. 
701 1 |a Кондрина  |b К. С. 
712 0 2 |a Сибирский научно-исследовательский институт геологии, геофизики и минерального сырья  |c (Новосибирск)  |3 (RuTPU)RU\TPU\col\322  |4 570  |9 23349 
801 1 |a RU  |b 63413507  |c 20150304 
801 2 |a RU  |b 63413507  |c 20200521  |g RCR 
942 |c BK